| 000 | 01950nam0a2200397 4500 | ||
|---|---|---|---|
| 001 | RU\NLR\bibl\292590 | ||
| 005 | 20260408174416.0 | ||
| 010 |
_a5-94236-007-3 _95000 |
||
| 021 |
_aRU _b2002-16572 _9831 |
||
| 035 | _a(NLR Aleph) 000287947 | ||
| 090 |
_a1685699 _c1685699 |
||
| 100 | _a20020723d2002 |||y0rusy50 ca | ||
| 101 | 0 | _arus | |
| 102 | _aRU | ||
| 105 | _ay ||||||||| | ||
| 200 | 1 |
_aКнига методик _fУчеб.-метод. центр образоват. прогр. "Мой выбор" _g[Ершова Э.Б. и др.] |
|
| 210 |
_aМ. _cНовый отсчет _d2002 |
||
| 215 |
_a88, [2] с. _d26 |
||
| 300 | _aВ вып. дан. загл.: Книга методик образовательной программы "Мой выбор" | ||
| 517 | 0 | _aКнига методик образовательной программы "Мой выбор" | |
| 606 | 1 |
_aОбществоведение _xПреподавание _xСредняя школа _92161623 _3RU\NLR\AUTH\661300866 |
|
| 606 |
_aГраждановедение _xИзучение в школе _3RU\NLR\auth\66824740 _91825171 |
||
| 610 | 0 | _aУрок - Методика | |
| 610 | 0 | _aДидактические игры | |
| 610 | 0 | _aОбществоведение - Методика преподавания | |
| 610 | 0 | _aГраждановедение - Методика преподавания | |
| 686 | 1 | _aЧ426.41-215 | |
| 702 | 1 |
_4220 _8rus _7ca _aЕршова _bЭ. Б. _cд-р ист. наук _gЭльвира Борисовна _3RU\NLR\auth\7741602 _924550 |
|
| 712 | 0 | 2 |
_4570 _a"Мой выбор", всероссийская образовательная программа _bУчебно-методический центр _3RU\NLR\AUTH\8810057494 _9615934 |
| 801 | 0 |
_aRU _bRKP _c20020723 _gPSBO |
|
| 801 | 1 |
_aRU _bRKP _c20020723 |
|
| 801 | 2 |
_aRU _bNLR _c20060901 _grcr |
|
| 942 | _cBOOK | ||
| 980 | _aNB | ||